Central Library OPAC University of Rajshahi

গণতন্ত্রের তাৎপর্য : (Record no. 46816)

MARC details
000 -LEADER
fixed length control field 00949nam a22002417a 4500
001 - CONTROL NUMBER
control field 46816
003 - CONTROL NUMBER IDENTIFIER
rucl marc code BD-RjUL
005 - DATE AND TIME OF LATEST TRANSACTION
control field 20211209054217.0
008 - FIXED-LENGTH DATA ELEMENTS--GENERAL INFORMATION
fixed length control field 160804s1966 bg ||||| |||| 00| 0 ben d
020 ## - INTERNATIONAL STANDARD BOOK NUMBER
Terms of availability : TK 2.50
035 ## - SYSTEM CONTROL NUMBER
System control number (BD-RjUL)46935
040 ## - CATALOGING SOURCE
Original cataloging agency BD-RjUL
Language of cataloging ben
Transcribing agency BD-RjUL
041 ## - LANGUAGE CODE
Language code of text/sound track or separate title ben
082 ## - DEWEY DECIMAL CLASSIFICATION NUMBER
Edition number 23
Classification number 321.8
Author mark and year PAG 1966
100 ## - MAIN ENTRY--PERSONAL NAME
Personal name প্যাডোভার, সাউল কে.
9 (RLIN) 142635
245 10 - TITLE STATEMENT
Title গণতন্ত্রের তাৎপর্য :
Remainder of title আমেরিকার অভিজ্ঞতার আলোকে /
Statement of responsibility, etc. সাউল কে. প্যাডোভার
260 ## - PUBLICATION, DISTRIBUTION, ETC. (IMPRINT)
Place of publication, distribution, etc. ঢাকা :
Name of publisher, distributor, etc. সাহিত্যিকা,
Date of publication, distribution, etc. ১৯৬৬
300 ## - PHYSICAL DESCRIPTION
Pagination [৮], ১৯৭ পৃ. ;
Size ২১ সেমি .
650 ## - SUBJECT ADDED ENTRY--TOPICAL TERM
Topical term or geographic name as entry element Democracy
9 (RLIN) 142636
Topical term or geographic name as entry element গণতন্ত্র
9 (RLIN) 142637
700 ## - ADDED ENTRY--PERSONAL NAME
Personal name আহমদ, রফিকউদ্দীন, অনুবাদ
942 ## - ADDED ENTRY ELEMENTS (KOHA)
Source of classification or shelving scheme Dewey Decimal Classification
Koha item type Books
Holdings
Lost status Source of classification or shelving scheme Damaged status Not for loan Collection code Permanent Location Current Location Shelving location Date acquired Source of acquisition Total Checkouts Total Renewals Full call number Date last seen Date checked out Copy number Koha item type
  Dewey Decimal Classification     Non-fiction Central Library, University of Rajshahi Central Library, University of Rajshahi   20/04/1967 U.S.S 8   B 321.8 PAG 1966 15/12/2021 15/12/2021 C-2 Books
  Dewey Decimal Classification   Not For Loan Non-fiction Central Library, University of Rajshahi Central Library, University of Rajshahi Reading Room 20/04/1967 U.S. Govt.     B 321.8 PAG 1966 17/12/2016   C-1 Books